Modern and contemporary art in Korea : (Record no. 23342)

000 -LEADER
fixed length control field 01236cam a22003254a 4500
001 - CONTROL NUMBER
control field 13916289
005 - DATE AND TIME OF LATEST TRANSACTION
control field 20170126094412.0
008 - FIXED-LENGTH DATA ELEMENTS--GENERAL INFORMATION
fixed length control field 050331s2005 njua 000 0 eng
010 ## - LIBRARY OF CONGRESS CONTROL NUMBER
LC control number 2005925087
020 ## - INTERNATIONAL STANDARD BOOK NUMBER
International Standard Book Number 1565912152 (hardcover ed.)
020 ## - INTERNATIONAL STANDARD BOOK NUMBER
International Standard Book Number 1565912179 (pbk. ed.)
040 ## - CATALOGING SOURCE
Original cataloging agency DLC
Transcribing agency DLC
Modifying agency DLC
041 1# - LANGUAGE CODE
Language code of text/sound track or separate title eng
Language code of original kor
042 ## - AUTHENTICATION CODE
Authentication code pcc
043 ## - GEOGRAPHIC AREA CODE
Geographic area code a-kr---
050 00 - LIBRARY OF CONGRESS CALL NUMBER
Classification number N7365
Item number .K565 2005
100 1# - MAIN ENTRY--PERSONAL NAME
Personal name Kim, Yŏng-na.
245 10 - TITLE STATEMENT
Title Modern and contemporary art in Korea :
Remainder of title tradition, modernity, and identity /
Statement of responsibility, etc. by Kim Youngna.
260 ## - PUBLICATION, DISTRIBUTION, ETC. (IMPRINT)
Place of publication, distribution, etc. Elizabeth, NJ :
Name of publisher, distributor, etc. Hollym,
Date of publication, distribution, etc. c2005.
300 ## - PHYSICAL DESCRIPTION
Extent 110 p. :
Other physical details ill. (chiefly col.) ;
Dimensions 25 cm.
490 1# - SERIES STATEMENT
Series statement Korean culture series ;
Volume/sequential designation 1
650 #0 - SUBJECT ADDED ENTRY--TOPICAL TERM
Topical term or geographic name as entry element Art, Korean
Chronological subdivision 20th century.
650 #0 - SUBJECT ADDED ENTRY--TOPICAL TERM
Topical term or geographic name as entry element Art, Korean
Chronological subdivision 21st century.
830 #0 - SERIES ADDED ENTRY--UNIFORM TITLE
Uniform title Korean culture series (Elizabeth, N.J.) ;
Volume number/sequential designation 1.
856 41 - ELECTRONIC LOCATION AND ACCESS
Materials specified Table of contents
Uniform Resource Identifier <a href="http://www.loc.gov/catdir/toc/fy0604/2005925087.html">http://www.loc.gov/catdir/toc/fy0604/2005925087.html</a>
942 ## - ADDED ENTRY ELEMENTS (KOHA)
Source of classification or shelving scheme
Koha item type Hard Covered Materials
Classification part N7365 .K565 2005
Holdings
Withdrawn status Lost status Source of classification or shelving scheme Damaged status Not for loan Home library Current library Shelving location Date acquired Source of acquisition Total Checkouts Full call number Barcode Date last seen Price effective from Koha item type
          MACHAKOS UNIVERSITY LIBRARY MACHAKOS UNIVERSITY LIBRARY Technical section 26/01/2017 Donation(BFA)   N7365 .K565 2005 32302 12/06/2018 26/01/2017 Hard Covered Materials
© Machakos University Library, Along The Highway, Machakos Wote Rd, Machakos, Kenya P.O. Box 136 - 90100 Machakos - Kenya

Tel: ( +254 ) 723 805829 OR Fax : 044-20353 OR Email: library@mksu.ac.ke